000 00746nam a2200229Ia 4500
999 _c38717
_d38717
003 GCL
005 20240530103340.0
008 140319s9999 xx 000 0 ara d
040 _aGCL /
_cGCL
082 0 4 _a370.7
_bع ت
100 1 _aعبدالغنى عبود
245 1 0 _aالتربية المقارنة منهج وتطبيقة /
_cعبدالغنى عبود
260 _aالقاهرة :
_bمكتبة النهضة المصرية ،
_c1994
300 _a509 ص ؛
_c23 سم
650 0 4 _aالتعليم
650 0 4 _aالتربية
650 0 4 _aالتعليم - اليابان
650 0 4 _aالتعليم - الصين
700 1 _aاحمد اسماعيل حجى
700 1 _aبيومى محمد ضحاوى
942 _2ddc
_cBK